000 01837nam a2200337 i 4500
001 991061727882806706
003 ES-BaIT
005 20260227095605.0
008 260326e202504 fr r 000 d fre c
020 _a9782749816869
040 _aES-BaIT
_bcat
_erda
_cES-BaIT
080 _a840-2"19"
100 1 _aBesset, Jean-Marie
_eautor
_98221
245 1 0 _aHélène /
_cJean-Marie Besset
264 1 _aParis :
_bL'avant-scène théâtre,
_cavril 2025
300 _a106 pàgines ;
_c21 cm
336 _atext
_btxt
_2rdacontent
337 _asense mediació
_bn
_2rdamedia
338 _avolum
_bnc
_2rdacarrier
490 1 _aL'Avant-scène théatre ;
_vno 1574
500 _aP7: D2, H5
500 _aPublicat com no 1573 (avril 2025) de la revista L'Avant-scène théâtre
520 _a"En juin 1940 à Bordeaux, où le président du Conseil, Paul Reynaud et sa compagne, Hélène de Portes, se sont échoués, afflue la France de l'exode, dans une panique indescriptible de foules, face à l'invasion allemande. Devant un Reynaud tiraillé, Hélène aiguillonne la rivalité entre Pétain, viceprésident du Conseil, qui veut négocier un armistice, et le fougueux sous-secrétaire d'État, de Gaulle, qui entend poursuivre la guerre coûte que coûte. Hélène aura-t-elle gain de cause? Arrivera-t-elle à faire du maréchal le chef du pays dans la collaboration avec l'Occupant? Et si le sort de la France n'avait tenu qu'à une femme, Hélène, cette fin de printemps-là?-- Contracoberta
600 1 0 _aReynaud, Paul
_vTextos dramàtics
_9168739
600 1 0 _aPortes, Hélène de
_vTextos dramàtics
_9168740
651 0 _aFrança
_xHistòria
_y1914-1918, Ocupació alemanya
_vTextos dramàtics
_9168741
830 _aAvant-scène.
_pThéâtre
_vno 1574
_9168170
908 _aCDMAE
940 _aCDMAE
942 _2udc
_c1
999 _c137163
_d137163